| 000 | 01005nam a2200241 a 4500 | ||
|---|---|---|---|
| 001 | 000047837 | ||
| 005 | 20201002060751.0 | ||
| 008 | 100305s1922 dr abc 001 0 spa d | ||
| 040 |
_aDO-SdBNP _bspa _cBNPHU |
||
| 082 |
_a551.097293 _bV364g |
||
| 100 | 1 |
_aVaughan, Thomas Wayland, _d1870-1952 _936748 |
|
| 245 | 1 | 3 |
_aUn reconocimiento geológico de la República Dominicana / _cT. W. Vaughan, Charles Wythe Cooke, D.D. Condit, C. P. Ross [et al.]. |
| 260 |
_aSanto Domingo : _bSecretaría de Estado de Fomento y Comunicaciones de la República Dominicana, _c1922 _fWashington |
||
| 300 |
_av. : _bil., mapas, retrs. ; _c25 cm. |
||
| 500 | _aIncluye índice | ||
| 500 | _aLa biblioteca posee el volumen 1 | ||
| 590 | _aInventariado, 2018/ YL | ||
| 650 | 4 |
_aGeología _zRepública Dominicana _91742 |
|
| 700 | 1 |
_aCooke, Charles Wythe, _d1887- _957265 |
|
| 700 | 1 |
_aCondit, David Dale, _d1886- _975409 |
|
| 700 | 1 |
_aRoss, Clyde P. _q(Clyde Polhemus) _d1891- _957267 |
|
| 910 | _aValidado. Control de calidad MFF | ||
| 999 |
_c47325 _d47325 |
||